000 00559cam a2200217 4500
001 ABS60929
008 000000n1999 000 0 eng u
035 _a(Sirsi) u101472
245 _aFocus '99: Somerset, Devon and Cornwall.
260 _c1999
490 _aEstates Gazette
_v(9927) 10 July 1999, 69-94(14)
650 _aSOMERSET
650 _aDEVON
650 _aCORNWALL
650 _aEXETER
650 _aPLYMOUTH
650 _aTRURO
650 _aTAUNTON
690 _aPROPERTY-COMMERCIAL PROPERTY-COMMERCIAL PROPERTY MARKET
942 _n0
999 _c60605
_d60605